Marvel: Cover Appearances: X-Teams Quiz Stats

 Plays Quiz not verified by Sporcle

Challenge
Share
Tweet
Embed
Score 0/102 Timer 12:00
1 Play Today
Rank X-Team Characters % Correct
1.Wolverine
98.3%
2.Cyclops
96.9%
6.Jean Grey (Phoenix)
95.9%
14.Professor X
95.9%
3.Storm
95.4%
5.Beast
95.4%
12.Magneto (Max Eisenhardt)
95.2%
84.Dark Phoenix (Phoenix Force)
94.8%
9.Iceman
93.3%
4.Colossus
92.5%
10.Rogue
92.2%
7.Nightcrawler (Kurt Wagner)
91.4%
8.Angel (Archangel)
91.2%
34.M
89.1%
11.Shadowcat
88.4%
18.Gambit
88.3%
17.Phoenix Force
87.9%
57.Mystique
86.6%
21.Cable
86%
13.Emma Frost (White Queen)
86%
23.Havok
84.3%
61.Sabretooth
82.7%
24.Rachel Grey (Marvel Girl)
82.6%
31.Banshee (Sean Cassidy)
81.1%
15.Psylocke
80.8%
52.Quicksilver
80.7%
27.Iron Man (Tony Stark)
80.4%
53.Juggernaut (Cain Marko)
79.7%
25.Jubilee
79.7%
20.Spider-Man (Peter Parker)
79.5%
54.Scarlet Witch
79.4%
45.Morrigan (Siryn)
79.3%
37.Bishop (Earth-1191)
79.1%
35.Polaris
77.8%
Rank X-Team Characters % Correct
19.Captain America (Steve Rogers)
77.7%
28.Thor
77.5%
16.Cannonball
76.3%
93.Apocalypse (En Sabah Nur)
74.6%
32.Hulk
74.3%
48.Mister Fantastic
73.4%
46.Human Torch (Johnny Storm)
73.4%
62.Deadpool
73.1%
29.Sunspot
72.9%
63.Invisible Woman
72.6%
86.Blob
72.3%
36.Warpath
72.1%
49.Dazzler
71.1%
33.Thing
70.3%
40.Namor the Sub-Mariner
67.5%
100.Mister Sinister
67.1%
22.Wolfsbane
66.7%
51.X-23
65.9%
30.Magik (Darkchylde)
65.4%
90.Jean Grey (Earth-TRN240)
65.1%
73.Hawkeye (Clint Barton)
64.8%
55.Domino (Neena Thurmon)
62.9%
76.Forge
61.9%
42.Sentinels
61.8%
26.Mirage (Moonstar)
61.8%
59.Longshot (Mojoverse)
61.2%
50.Magma
61.2%
41.Multiple Man (Madrox)
60.7%
75.Captain Marvel (Carol Danvers)
59.1%
98.Thunderbird (John Proudstar)
58.3%
69.Wasp (Janet van Dyne)
57.3%
38.Captain Britain (Brian Braddock)
56.8%
67.Lockheed
56%
44.Boom-Boom
54.9%
Rank X-Team Characters % Correct
39.Warlock
54.7%
65.Husk
53.7%
74.Black Widow (Natalia Romanova)
53.6%
58.Hope Summers (MeMe)
52.7%
64.She-Hulk (Jennifer Walters)
52.4%
68.Northstar
51.3%
79.Cypher
51%
71.Daredevil
50.9%
43.Strong Guy
50.6%
70.Doctor Doom
50.4%
82.Karma
50.3%
56.Rictor
46.5%
66.Doctor Strange
44.9%
47.Shatterstar (Mojoverse)
44.3%
72.Chamber
44.2%
92.Black Panther (T'Challa)
44.1%
91.Armor
43.4%
81.Pixie
42.2%
100.Mastermind (Jason Wyngarde)
40.3%
60.Meggan
39.8%
87.Vision (Victor Shade)
38.7%
83.Rockslide
37.4%
77.Legion
37.4%
94.Iron Fist
36.9%
88.Silver Surfer
36.5%
80.Fantomex
34.4%
99.Sage
31.6%
96.Brood (insect alien race)
30.8%
100.Puck
29.5%
78.Skin
29.1%
97.Kid Omega
27.5%
95.Surge
25.8%
85.Synch
21.6%
89.Layla Miller (Butterfly)
16%

You're not logged in!

Compare scores with friends on all Sporcle quizzes.
Join for Free
OR
Log In

You Might Also Like...

Show Comments

Extras

Top Quizzes Today


Score Distribution

Your Account Isn't Verified!

In order to create a playlist on Sporcle, you need to verify the email address you used during registration. Go to your Sporcle Settings to finish the process.

Report this User

Report this user for behavior that violates our Community Guidelines.

Details: